01275nam a2200337 i 4500001001000000003000900010005001700019007000300036008004100039040003000080082002700110100003500137240002800172245009900200250001300299260005100312300002800363336002800391337003500419338002700454500006600481534003700547590002700584650003100611650003600642700004700678910003700725942001400762952014400776999001700920000024509DO-SdBNP20231024142504.0ta110128s1969 mx r 000 0 spa d aDO-SdBNPbspacBNPHUerda 4a813.5bM587p, 1969222 aMetalious, Grace950225eautor aPeyton placelEspañol10aPeyton place :bLa caldera del diablo /cGrace Metalious ; traducción, Ginés de la Torre. a11a. ed. aMéxico, D. F. :bConstancia :bDiana,c1969. a442 páginas ;c20 cm. 2rdacontent atextobtxt 2rdamedia asin mediación bn 2rdacarrier avolumennc aIncluye datos biográficos de la autora en la contracubierta pTítulo original:tPeyton place aInventariado, 2023/MFF 4aNovela estadounidense9262 4aLiteratura estadounidense 92631 aTorre, Ginés de la,etraducción950226 aValidado. Control de calidad MFF 2ddccLBS1 00102ddc56708GRaBNPHUbBNPHUcHDd2011-01-28l0oBNPHU GR 813.5 M587p 1969p24509-10r2020-06-25w2020-06-25yLBS1ZPréstamo en sala c24002d24002